[Event "XIX Festival Conca della Presolana Magistrale"]
[Site "Bratto - Castione della Presolana ITA"]
[Date "1999.08.22"]
[Round "1"]
[White "Astengo, Corrado"]
[Black "Lapiccirella, Daniele"]
[Result "1/2-1/2"]
[WhiteElo "2164"]
[BlackElo "1891"]
[PlyCount "70"]
[EventDate "1999.08.22"]

1.e4 c5 2.Nf3 e6 3.d4 cxd4 4.Nxd4 Nc6 5.Nc3 Qc7 6.Be3 a6 7.Bd3 Nf6 8.O-O 
Ne5 9.Be2 d6 10.f4 Ng6 11.Bh5 Be7 12.f5 exf5 13.Nxf5 Bxf5 14.exf5 Ne5 15.
Nd5 Nxd5 16.Qxd5 Qc6 17.Qb3 O-O 18.Bd4 Bf6 19.Kh1 Rac8 20.c3 b5 21.Be2 Rb8
22.Rad1 Rfc8 23.Bf3 Nxf3 24.Rxf3 Bxd4 25.Rxd4 Re8 26.Qd1 Re5 27.Rf1 d5 28.
h3 f6 29.Qf3 Rbe8 30.Rf2 Re4 31.Rdd2 R8e5 32.Rfe2 Qc8 33.Rf2 Re3 34.Qf4 
R3e4 35.Qf3 Re3 1/2-1/2

[Event "XIX Festival Conca della Presolana Magistrale"]
[Site "Bratto - Castione della Presolana ITA"]
[Date "1999.08.22"]
[Round "1"]
[White "Barbafiera, Luigi"]
[Black "Brancaleoni, Maurizio"]
[Result "0-1"]
[WhiteElo "1915"]
[BlackElo "2197"]
[PlyCount "42"]
[EventDate "1999.08.22"]

1.c4 b6 2.d4 Bb7 3.Nc3 e6 4.e4 Bb4 5.Bd3 f5 6.Qe2 Nf6 7.f3 Nc6 8.Be3 f4 9.
Bf2 e5 10.dxe5 Nxe5 11.Qd2 O-O 12.Nge2 Ne8 13.a3 Bc5 14.Bxc5 bxc5 15.Nd5 
Qh4+ 16.Kd1 Bxd5 17.exd5 Nd6 18.b3 Rae8 19.Kc2 Nxd3 20.g3 fxg3 21.Qxd3 g2 
0-1

[Event "XIX Festival Conca della Presolana Magistrale"]
[Site "Bratto - Castione della Presolana ITA"]
[Date "1999.08.22"]
[Round "1"]
[White "Bellini, Fabio"]
[Black "Caruso, Daniele"]
[Result "1-0"]
[WhiteElo "2418"]
[BlackElo "2103"]
[PlyCount "49"]
[EventDate "1999.08.22"]

1.e4 e6 2.Nf3 d5 3.Nc3 Nf6 4.e5 Nfd7 5.d4 c5 6.dxc5 Nc6 7.Bb5 Bxc5 8.O-O 
a6 9.Bxc6 bxc6 10.Na4 Be7 11.Re1 Nb6 12.Nxb6 Qxb6 13.b3 h6 14.c4 dxc4 15.
Be3 c5 16.Nd2 cxb3 17.Rb1 Qc6 18.Rxb3 Bb7 19.Qg4 g5 20.Reb1 Ra7 21.Nc4 h5 
22.Qg3 Qe4 23.Nd6+ Bxd6 24.exd6 h4 25.Qxg5 1-0

[Event "XIX Festival Conca della Presolana Magistrale"]
[Site "Bratto - Castione della Presolana ITA"]
[Date "1999.08.22"]
[Round "1"]
[White "Bertazzo, Giorgio"]
[Black "Di Fonzo, Valerio"]
[Result "0-1"]
[WhiteElo "2004"]
[BlackElo "2211"]
[PlyCount "112"]
[EventDate "1999.08.22"]

1.e4 e5 2.Nf3 Nc6 3.Nc3 Nf6 4.d4 exd4 5.Nxd4 Bb4 6.Nxc6 bxc6 7.Bd3 d5 8.
exd5 cxd5 9.O-O O-O 10.Bg5 c6 11.Qf3 Bd6 12.Rfe1 Rb8 13.Rab1 Rb4 14.h3 h6 
15.Bd2 Bd7 16.b3 Rb8 17.Rbd1 Bb4 18.Ne2 Bxd2 19.Rxd2 Re8 20.Red1 Qa5 21.c4
Re5 22.cxd5 cxd5 23.Ng3 Rbe8 24.Bb1 Qc7 25.Re2 Bb5 26.Rxe5 Qxe5 27.Bd3 
Bxd3 28.Qxd3 g6 29.Qd4 Qxd4 30.Rxd4 Re1+ 31.Kh2 Kg7 32.Ra4 Re7 33.Nf1 Ne4 
34.f3 Nc3 35.Rd4 Re1 36.Ng3 Kf6 37.Rd3 Rc1 38.a4 Ke5 39.h4 d4 40.Rd2 Rb1 
41.f4+ Kd5 42.Rd3 h5 43.f5 a5 44.fxg6 fxg6 45.Rf3 Ke5 46.Rf8 d3 47.Rd8 Nd5
48.Re8+ Kd4 49.Re4+ Kc3 50.Rc4+ Kxb3 51.Rd4 Nb4 52.Ne4 Re1 53.Nf2 Kc3 54.
Rd8 d2 55.Rd7 Re2 56.Kg1 Kc4 0-1

[Event "XIX Festival Conca della Presolana Magistrale"]
[Site "Bratto - Castione della Presolana ITA"]
[Date "1999.08.22"]
[Round "1"]
[White "Bresciani, Nicola"]
[Black "Ricci, Alfredo"]
[Result "1-0"]
[WhiteElo "2275"]
[BlackElo "2042"]
[PlyCount "49"]
[EventDate "1999.08.22"]

1.e4 c5 2.Nf3 Nc6 3.d4 cxd4 4.Nxd4 Nf6 5.Nc3 d6 6.Be2 e6 7.O-O Be7 8.Be3 
a6 9.Kh1 Qc7 10.f4 Bd7 11.Qe1 Nxd4 12.Bxd4 e5 13.fxe5 dxe5 14.Qg3 O-O-O 
15.Bxe5 Qc6 16.Bf3 Be6 17.Rfd1 Qc5 18.Bf4 Nh5 19.Bxh5 Qxh5 20.Qxg7 Bc4 21.
Nd5 Bc5 22.Qc3 b5 23.Qa5 Kb7 24.Qc7+ Ka8 25.Qc6+ 1-0

[Event "XIX Festival Conca della Presolana Magistrale"]
[Site "Bratto - Castione della Presolana ITA"]
[Date "1999.08.22"]
[Round "1"]
[White "Capece, Adolivio"]
[Black "Mauro, Alan"]
[Result "1-0"]
[WhiteElo "2051"]
[BlackElo "2278"]
[PlyCount "101"]
[EventDate "1999.08.22"]

1.c4 Nf6 2.Nc3 g6 3.g3 Bg7 4.Bg2 O-O 5.d3 d6 6.Bg5 Nc6 7.Qd2 Nd4 8.Nf3 c5 
9.Nxd4 cxd4 10.Nd5 Re8 11.Bh6 Bxh6 12.Qxh6 Ng4 13.Qd2 e6 14.Nf4 Qg5 15.h3 
Nf6 16.h4 Qh6 17.h5 Qg5 18.hxg6 hxg6 19.Nh3 Qxd2+ 20.Kxd2 Bd7 21.Ng5 Bc6 
22.Bxc6 bxc6 23.Rh4 e5 24.Rah1 Kf8 25.Nh7+ Ke7 26.Nxf6 Kxf6 27.f3 a5 28.
Rh7 Rab8 29.Kc2 a4 30.R7h4 Re7 31.Rh8 Reb7 32.Rxb8 Rxb8 33.b3 axb3+ 34.
axb3 Ra8 35.Kb2 Ke6 36.b4 d5 37.c5 f5 38.Rh6 Kf6 39.Rh7 Rc8 40.Kb3 e4 41.
b5 cxb5 42.Kb4 e3 43.Kxb5 Rb8+ 44.Kc6 Rb2 45.Kd6 Rxe2 46.c6 Ra2 47.c7 Ra8 
48.Kd7 e2 49.Rh1 Rh8 50.c8=Q Rxh1 51.Qd8+ 1-0

[Event "XIX Festival Conca della Presolana Magistrale"]
[Site "Bratto - Castione della Presolana ITA"]
[Date "1999.08.22"]
[Round "1"]
[White "Cebalo, Miso"]
[Black "Dorighet, Claudio"]
[Result "1-0"]
[WhiteElo "2453"]
[BlackElo "2121"]
[PlyCount "50"]
[EventDate "1999.08.22"]

1.d4 f5 2.Nf3 Nf6 3.g3 e6 4.Bg2 Be7 5.c4 O-O 6.O-O d6 7.b3 Qe8 8.Bb2 a5 9.
a3 Bd7 10.Nbd2 Nc6 11.Qc2 Bd8 12.e4 fxe4 13.Nxe4 e5 14.dxe5 dxe5 15.Nc5 
Qh5 16.Nxd7 Nxd7 17.Rad1 Nf6 18.h3 e4 19.Nd2 e3 20.fxe3 Qg5 21.Ne4 Nxe4 
22.Rxf8+ Kxf8 23.Qxe4 Qxg3 24.Qxh7 Qxe3+ 25.Kh1 Ne5 1-0

[Event "XIX Festival Conca della Presolana Magistrale"]
[Site "Bratto - Castione della Presolana ITA"]
[Date "1999.08.22"]
[Round "1"]
[White "Drabke, Lorenz Maximilian"]
[Black "Zaitsev, Vadim"]
[Result "1/2-1/2"]
[WhiteElo "2102"]
[BlackElo "2411"]
[PlyCount "82"]
[EventDate "1999.08.22"]

1.e4 d5 2.exd5 Qxd5 3.Nc3 Qd6 4.d4 Nf6 5.Nf3 a6 6.Ne5 Nc6 7.Nxc6 Qxc6 8.
Bf4 Bf5 9.Be2 O-O-O 10.O-O e6 11.Bf3 Qb6 12.Be5 Bd6 13.Na4 Qa5 14.Bxd6 
cxd6 15.c4 Kb8 16.a3 Be4 17.Be2 Qg5 18.f3 Bc6 19.Nc3 Qe3+ 20.Kh1 d5 21.c5 
e5 22.dxe5 d4 23.exf6 dxc3 24.Qe1 Rd2 25.fxg7 Rg8 26.Bc4 Qg5 27.Qg3+ Qxg3 
28.hxg3 cxb2 29.Rad1 Rc2 30.Bd3 Rxc5 31.Rf2 Rc1 32.Rg1 Rc3 33.Bxh7 Rxg7 
34.Bf5 Rg5 35.g4 Rxa3 36.Rxb2 a5 37.Re1 a4 38.Re7 Ra1+ 39.Kh2 a3 40.Rb3 
Bd5 41.Rb5 Bc6 1/2-1/2

[Event "XIX Festival Conca della Presolana Magistrale"]
[Site "Bratto - Castione della Presolana ITA"]
[Date "1999.08.22"]
[Round "1"]
[White "Drazic, Sinisa"]
[Black "Giretti Kanev, Jasen"]
[Result "1-0"]
[WhiteElo "2493"]
[BlackElo "2152"]
[PlyCount "77"]
[EventDate "1999.08.22"]

1.c4 Nf6 2.g3 e6 3.Bg2 d5 4.Nf3 Be7 5.O-O O-O 6.b3 Ne4 7.Bb2 Bf6 8.Qc2 Nc6
9.d3 Nb4 10.Qc1 Bxb2 11.Qxb2 Qf6 12.Ne5 Nd6 13.d4 Qf5 14.Qc3 a5 15.a3 dxc4
16.bxc4 f6 17.Nf3 Nc6 18.Nbd2 Bd7 19.Rab1 b6 20.Rfe1 a4 21.e4 Qa5 22.Qe3 
e5 23.d5 Ne7 24.Rec1 Nb7 25.Ne1 Nc5 26.f4 Nc8 27.Nc2 Nd6 28.Nb4 Rae8 29.f5
Ra8 30.g4 Na6 31.Nxa6 Rxa6 32.c5 bxc5 33.Rxc5 Bb5 34.Bf1 Rb8 35.Nc4 Nxc4 
36.Bxc4 Rab6 37.Rc1 Bxc4 38.Rxa5 Rb3 39.Qc5 1-0

[Event "XIX Festival Conca della Presolana Magistrale"]
[Site "Bratto - Castione della Presolana ITA"]
[Date "1999.08.22"]
[Round "1"]
[White "Everet, Alexandro"]
[Black "Battaggia, Piergiorgio"]
[Result "0-1"]
[WhiteElo "2294"]
[BlackElo "2083"]
[PlyCount "84"]
[EventDate "1999.08.22"]

1.d4 Nf6 2.c4 e6 3.a3 d5 4.Nc3 c5 5.cxd5 cxd4 6.Qxd4 Nc6 7.Qa4 exd5 8.Nf3 
Bc5 9.e3 O-O 10.Be2 d4 11.exd4 Nxd4 12.Nxd4 Bxd4 13.O-O Qb6 14.Nb5 Bc5 15.
Bf4 Bd7 16.b4 Bxf2+ 17.Rxf2 Ne4 18.Rf1 Nxf2 19.Rxf2 a6 20.Qb3 axb5 21.Be3 
Be6 22.Bxb6 Bxb3 23.Bxb5 Rxa3 24.h3 Ra2 25.Rf4 Rc8 26.Rd4 Ra1+ 27.Kh2 Rd1 
28.Rg4 Be6 29.Re4 h6 30.Bc5 Rcd8 31.Re3 Rb1 32.Be2 Re1 33.Kg3 Rd2 34.Kf3 
Rb1 35.Bd3 Rb3 36.Ke4 Rxg2 37.Re1 Bf5+ 38.Kxf5 Rxd3 39.Re8+ Kh7 40.Re7 Rb3
41.Kf4 b6 42.Bd6 Rd2 0-1

[Event "XIX Festival Conca della Presolana Magistrale"]
[Site "Bratto - Castione della Presolana ITA"]
[Date "1999.08.22"]
[Round "1"]
[White "Galli, Fabio"]
[Black "Epishin, Vladimir V."]
[Result "0-1"]
[WhiteElo "2158"]
[BlackElo "2657"]
[PlyCount "62"]
[EventDate "1999.08.22"]

1.e4 c5 2.Nf3 e6 3.d4 cxd4 4.Nxd4 Nc6 5.Nc3 Qc7 6.a3 Nf6 7.Be3 b6 8.Nxc6 
Qxc6 9.Bd3 Bc5 10.Qe2 Bb7 11.f3 O-O 12.O-O d5 13.Qf2 Bxe3 14.Qxe3 dxe4 15.
Nxe4 Nd5 16.Qg5 Qc7 17.c4 f6 18.Qh4 Nf4 19.Rfd1 Rad8 20.Nf2 h5 21.Bf1 g5 
22.Qg3 h4 23.Qg4 Rxd1 24.Rxd1 Qg7 25.Ne4 f5 26.Qxg5 fxe4 27.Qxg7+ Kxg7 28.
fxe4 Ng6 29.Rd7+ Rf7 30.Rxf7+ Kxf7 31.Bd3 Ne5 0-1

[Event "XIX Festival Conca della Presolana Magistrale"]
[Site "Bratto - Castione della Presolana ITA"]
[Date "1999.08.22"]
[Round "1"]
[White "Gorelli Fagiolini, Marco"]
[Black "Perissinotto, Claudio"]
[Result "1/2-1/2"]
[WhiteElo "2206"]
[BlackElo "1990"]
[PlyCount "41"]
[EventDate "1999.08.22"]

1.e4 d6 2.d4 Nf6 3.Nc3 g6 4.Nf3 Bg7 5.Be2 O-O 6.O-O c6 7.a4 Qc7 8.h3 Nbd7 
9.Be3 b6 10.Nd2 e5 11.dxe5 dxe5 12.Nc4 Rd8 13.Qd6 Ne8 14.Qxc7 Nxc7 15.Nd6 
Ba6 16.Rfd1 Bxe2 17.Nxe2 Nf8 18.a5 Nfe6 19.axb6 axb6 20.Rxa8 Nxa8 21.Ra1 
1/2-1/2

[Event "XIX Festival Conca della Presolana Magistrale"]
[Site "Bratto - Castione della Presolana ITA"]
[Date "1999.08.22"]
[Round "1"]
[White "Lantini, Marco"]
[Black "Leoni, Fabrizio"]
[Result "1-0"]
[WhiteElo "2193"]
[BlackElo "1905"]
[PlyCount "53"]
[EventDate "1999.08.22"]

1.e4 c6 2.d4 d5 3.e5 Bf5 4.Nf3 e6 5.Be2 c5 6.Be3 Ne7 7.O-O Nec6 8.c3 Nd7 
9.Nbd2 Be7 10.dxc5 Ndxe5 11.Nxe5 Nxe5 12.Nf3 Nc6 13.b4 Qc7 14.b5 Nd8 15.b6
axb6 16.cxb6 Qb8 17.Bb5+ Kf8 18.c4 Nc6 19.cxd5 exd5 20.Qxd5 Be6 21.Qe4 
Rxa2 22.Rxa2 Bxa2 23.Bxc6 bxc6 24.Qxc6 Qd8 25.b7 Bd6 26.Rd1 Ke7 27.Rxd6 
1-0

[Event "XIX Festival Conca della Presolana Magistrale"]
[Site "Bratto - Castione della Presolana ITA"]
[Date "1999.08.22"]
[Round "1"]
[White "Lanzani, Mario"]
[Black "De Barberis, Massimo"]
[Result "1-0"]
[WhiteElo "2403"]
[BlackElo "2096"]
[PlyCount "63"]
[EventDate "1999.08.22"]

1.e4 c5 2.Nf3 d6 3.d4 cxd4 4.Nxd4 Nf6 5.Nc3 a6 6.Be2 e6 7.O-O Nbd7 8.f4 b5
9.Bf3 Bb7 10.e5 Bxf3 11.Nxf3 dxe5 12.fxe5 Ng4 13.Qe2 b4 14.Ne4 Ndxe5 15.
Nxe5 Nxe5 16.Ng5 Bd6 17.Bf4 h6 18.Nxe6 Qf6 19.Nd4 O-O 20.Bg3 Qd8 21.Nf5 
Bc5+ 22.Kh1 Ng6 23.Qc4 Qb6 24.Rad1 Rac8 25.Qb3 Rcd8 26.c3 a5 27.cxb4 Qxb4 
28.Rxd8 Rxd8 29.Nxh6+ Kh7 30.Qxb4 axb4 31.Nxf7 Rd2 32.Ng5+ 1-0

[Event "XIX Festival Conca della Presolana Magistrale"]
[Site "Bratto - Castione della Presolana ITA"]
[Date "1999.08.22"]
[Round "1"]
[White "Luchsinger, Eric"]
[Black "Castaldo, Folco"]
[Result "0-1"]
[WhiteElo "2200"]
[BlackElo "2225"]
[PlyCount "58"]
[EventDate "1999.08.22"]

1.d4 e6 2.Nf3 Nf6 3.Bg5 c5 4.e3 Be7 5.Nbd2 b6 6.Bd3 Nc6 7.c3 Bb7 8.a3 cxd4
9.cxd4 O-O 10.O-O h6 11.Bh4 Nd5 12.Bxe7 Ncxe7 13.Rc1 f5 14.Qa4 a6 15.b4 g5
16.Qb3 g4 17.Nh4 Qe8 18.Rfe1 Qh5 19.g3 f4 20.Bf1 fxe3 21.fxe3 Rac8 22.Nc4 
Nf5 23.Ng2 Qg5 24.Nf4 b5 25.Ne5 Rxc1 26.Rxc1 Nxd4 27.exd4 Nxf4 28.gxf4 
Qxf4 29.Qg3 Qxd4+ 0-1

[Event "XIX Festival Conca della Presolana Magistrale"]
[Site "Bratto - Castione della Presolana ITA"]
[Date "1999.08.22"]
[Round "1"]
[White "Malfagia, Andrea"]
[Black "Temi, Walter"]
[Result "1-0"]
[WhiteElo "2306"]
[BlackElo "2096"]
[PlyCount "75"]
[EventDate "1999.08.22"]

1.e4 b6 2.d4 Bb7 3.f3 d5 4.e5 e6 5.c3 c5 6.a3 Nc6 7.Be3 Nge7 8.b4 Nf5 9.
Bf2 Be7 10.Bd3 Nh4 11.g3 Ng6 12.f4 c4 13.Bc2 Qc7 14.Qh5 O-O-O 15.Ne2 Kb8 
16.Nd2 Rdg8 17.g4 Nf8 18.Nf3 Nd8 19.Bg3 h6 20.Kd2 g6 21.Qh3 h5 22.gxh5 
Rxh5 23.Qg4 Rgh8 24.Bf2 Nc6 25.Ng3 R5h7 26.h4 Bd8 27.h5 Rh6 28.hxg6 fxg6 
29.Rxh6 Rxh6 30.Rh1 Qh7 31.Rxh6 Qxh6 32.Be3 Qh7 33.Kc1 Ne7 34.Ng5 Qg8 35.
Qh3 Nf5 36.Bxf5 gxf5 37.Qh6 Qg6 38.Qxf8 1-0

[Event "XIX Festival Conca della Presolana Magistrale"]
[Site "Bratto - Castione della Presolana ITA"]
[Date "1999.08.22"]
[Round "1"]
[White "Mariano, Elia"]
[Black "Ragonese, Lucio Rosario"]
[Result "1-0"]
[WhiteElo "2235"]
[BlackElo "2010"]
[PlyCount "51"]
[EventDate "1999.08.22"]

1.d4 f5 2.e4 fxe4 3.Nc3 Nf6 4.Bg5 g6 5.Bxf6 exf6 6.Nxe4 Bg7 7.Qd2 O-O 8.
O-O-O d5 9.Ng3 Nc6 10.f4 Qd6 11.f5 g5 12.c3 a6 13.Bd3 b5 14.N1e2 Na5 15.
Nh5 Nc4 16.Bxc4 bxc4 17.Nxg7 Kxg7 18.g4 Bd7 19.h4 h6 20.Rh3 Rh8 21.Rdh1 a5
22.Ng3 a4 23.a3 Rae8 24.hxg5 hxg5 25.Qh2 Qf8 26.Rh7+ 1-0

[Event "XIX Festival Conca della Presolana Magistrale"]
[Site "Bratto - Castione della Presolana ITA"]
[Date "1999.08.22"]
[Round "1"]
[White "Mascheroni, Maurizio"]
[Black "Scavo, Fernando"]
[Result "0-1"]
[WhiteElo "2067"]
[BlackElo "2290"]
[PlyCount "48"]
[EventDate "1999.08.22"]

1.e4 e6 2.d4 d5 3.exd5 exd5 4.Bd3 Nc6 5.c3 Bd6 6.Nf3 Bg4 7.h3 Bh5 8.O-O 
Qd7 9.Ne5 Nxe5 10.Qxh5 Nxd3 11.Qe2+ Ne7 12.Qxd3 O-O-O 13.Nd2 f6 14.Nf3 g5 
15.Nh2 h5 16.f4 g4 17.h4 g3 18.Nf3 Qg4 19.f5 Kb8 20.Be3 Nxf5 21.Ne5 Qxh4 
22.Rxf5 fxe5 23.Kf1 Qh1+ 24.Bg1 Rhf8 0-1

[Event "XIX Festival Conca della Presolana Magistrale"]
[Site "Bratto - Castione della Presolana ITA"]
[Date "1999.08.22"]
[Round "1"]
[White "Menoni, Vincenzo"]
[Black "Griffa, Roberto"]
[Result "1-0"]
[WhiteElo "2281"]
[BlackElo "2053"]
[PlyCount "95"]
[EventDate "1999.08.22"]

1.e4 d5 2.exd5 Qxd5 3.Nc3 Qa5 4.d4 e5 5.Nf3 Bg4 6.Bd2 Nd7 7.dxe5 O-O-O 8.
h3 Bxf3 9.Qxf3 Nxe5 10.Qf5+ Kb8 11.O-O-O g6 12.Qe4 Nf6 13.Qa4 Qxa4 14.Nxa4
Ne4 15.Be3 Bg7 16.Be2 a6 17.Rxd8+ Rxd8 18.Rd1 Kc8 19.Rxd8+ Kxd8 20.Nc5 
Nxc5 21.Bxc5 b6 22.Be3 a5 23.f4 Nc6 24.c3 Ne7 25.Bc4 Nf5 26.Bd2 Ke7 27.g4 
Nd6 28.Bd5 h5 29.b4 axb4 30.cxb4 hxg4 31.hxg4 Nb5 32.a4 Nc3 33.Bb3 Ne4 34.
Be1 Bd4 35.Kc2 Nf2 36.g5 f6 37.gxf6+ Kxf6 38.Bc3 Bxc3 39.Kxc3 Ne4+ 40.Kd4 
Nd6 41.Kd5 Nf5 42.Kc6 Nd4+ 43.Kxc7 Nxb3 44.Kxb6 Ke6 45.a5 Kd6 46.a6 Nd2 
47.a7 Nc4+ 48.Kb7 1-0

[Event "XIX Festival Conca della Presolana Magistrale"]
[Site "Bratto - Castione della Presolana ITA"]
[Date "1999.08.22"]
[Round "1"]
[White "Osuna Munoz, Xavier"]
[Black "Quinn, Mark Peter"]
[Result "0-1"]
[WhiteElo "2096"]
[BlackElo "2377"]
[PlyCount "58"]
[EventDate "1999.08.22"]

1.e4 c5 2.Nc3 Nc6 3.f4 g6 4.Nf3 Bg7 5.Bc4 e6 6.O-O Nge7 7.a4 d5 8.Bb5 O-O 
9.Re1 dxe4 10.Nxe4 b6 11.Ra3 Qc7 12.g3 Bb7 13.Bf1 Rad8 14.Bg2 Nf5 15.c3 c4
16.b3 cxb3 17.Rxb3 Na5 18.Rb5 Bxe4 19.Rxe4 Nd6 20.Qe2 Nxe4 21.Qxe4 Nc4 22.
Rb1 Rfe8 23.d4 Nd6 24.Qe3 Rc8 25.Rb3 Nf5 26.Qd2 Qc4 27.Ra3 Nxd4 28.Ne5 
Bxe5 29.fxe5 Ne2+ 0-1

[Event "XIX Festival Conca della Presolana Magistrale"]
[Site "Bratto - Castione della Presolana ITA"]
[Date "1999.08.22"]
[Round "1"]
[White "Pagnoncelli, Marco"]
[Black "Rotstein, Arkadij"]
[Result "0-1"]
[WhiteElo "2122"]
[BlackElo "2460"]
[PlyCount "68"]
[EventDate "1999.08.22"]

1.e4 c5 2.Nf3 e6 3.Nc3 a6 4.d4 cxd4 5.Nxd4 Qc7 6.g3 b5 7.Bg2 b4 8.Na4 Bb7 
9.O-O Nf6 10.Re1 d6 11.h3 Nbd7 12.c3 bxc3 13.Nxc3 Be7 14.f4 O-O 15.Be3 
Rac8 16.Rc1 Qb8 17.Bf2 Qa8 18.Nb3 a5 19.Qd4 Bc6 20.Na4 e5 21.fxe5 dxe5 22.
Qc4 Bb4 23.Nb6 Nxb6 24.Bxb6 Bxe1 25.Rxe1 Bxe4 26.Bxe4 Rxc4 27.Bxa8 Rxa8 
28.Bxa5 Ne4 29.Kg2 Rc2+ 30.Kf3 f5 31.g4 Rxb2 32.gxf5 Ng5+ 33.Kg4 Rg2+ 34.
Kh5 Nf3 0-1

[Event "XIX Festival Conca della Presolana Magistrale"]
[Site "Bratto - Castione della Presolana ITA"]
[Date "1999.08.22"]
[Round "1"]
[White "Pass, Deborah J."]
[Black "Profumo, Alberto"]
[Result "0-1"]
[WhiteElo "2030"]
[BlackElo "2268"]
[PlyCount "68"]
[EventDate "1999.08.22"]

1.e4 c6 2.c4 d5 3.exd5 cxd5 4.cxd5 Nf6 5.Bb5+ Nbd7 6.Nc3 g6 7.d4 Bg7 8.Nf3
O-O 9.d6 exd6 10.O-O a6 11.Bc4 b5 12.Bb3 Nb6 13.Re1 Bb7 14.Bg5 h6 15.Bxf6 
Qxf6 16.Ne4 Qd8 17.Qd3 Rc8 18.Ned2 Nd5 19.Qe4 Re8 20.Qg4 Rxe1+ 21.Rxe1 Kh7
22.h4 Nf6 23.Qf4 Rc7 24.Nf1 Nd5 25.Qd2 Nb6 26.N1h2 Nc4 27.Qe2 Bf6 28.Rc1 
Re7 29.Qc2 Be4 30.Qc3 d5 31.Ng4 Bg7 32.Bxc4 Bxf3 33.Qxf3 dxc4 34.Nf6+ Bxf6
0-1

[Event "XIX Festival Conca della Presolana Magistrale"]
[Site "Bratto - Castione della Presolana ITA"]
[Date "1999.08.22"]
[Round "1"]
[White "Ranieri, Fabrizio"]
[Black "Dervishi, Erald"]
[Result "0-1"]
[WhiteElo "2155"]
[BlackElo "2496"]
[PlyCount "84"]
[EventDate "1999.08.22"]

1.e4 e5 2.Nf3 Nc6 3.Bc4 Nf6 4.d3 Be7 5.O-O O-O 6.Nc3 d6 7.h3 Na5 8.Bb3 
Nxb3 9.axb3 c5 10.Be3 Bd7 11.Qd2 a5 12.Ra2 h6 13.Ne2 Nh7 14.Ng3 b6 15.Kh1 
Qc8 16.Raa1 f5 17.Nxf5 Bxf5 18.exf5 Qxf5 19.Qe2 d5 20.Bd2 Bf6 21.Ra4 Rae8 
22.Nh4 Bxh4 23.Rxh4 Nf6 24.g4 Qg6 25.g5 hxg5 26.Rg1 Nh7 27.Rg2 Rf5 28.c4 
d4 29.Rhg4 Qh5 30.Qe4 Qxh3+ 31.Kg1 Qf3 32.Bxg5 Qxe4 33.dxe4 Rxg5 34.Rxg5 
Nxg5 35.Rxg5 Re6 36.Kf1 g6 37.Ke2 Kg7 38.Rg3 Re8 39.Rg5 Kf6 40.Rg3 Rh8 41.
Rf3+ Kg7 42.Rg3 Rh4 0-1

[Event "XIX Festival Conca della Presolana Magistrale"]
[Site "Bratto - Castione della Presolana ITA"]
[Date "1999.08.22"]
[Round "1"]
[White "Skembris, Spyridon"]
[Black "Lapiccirella, Mattia"]
[Result "1/2-1/2"]
[WhiteElo "2477"]
[BlackElo "2124"]
[PlyCount "60"]
[EventDate "1999.08.22"]

1.d4 Nf6 2.c4 g6 3.Nc3 Bg7 4.e4 d6 5.Bd3 O-O 6.Nge2 c5 7.d5 e6 8.O-O Re8 
9.Bg5 h6 10.Bh4 Na6 11.f4 exd5 12.cxd5 Nc7 13.a4 a6 14.Bc2 Bg4 15.e5 dxe5 
16.d6 Bxe2 17.Nxe2 Ncd5 18.Qd2 Nxf4 19.Bxf6 Qxf6 20.Nxf4 exf4 21.Rxf4 Qe6 
22.d7 Red8 23.Rd1 Bd4+ 24.Rxd4 cxd4 25.Qxd4 b6 26.a5 Ra7 27.Ba4 Rb7 28.
axb6 Qxb6 29.Qxb6 Rxb6 30.Re1 Rc6 1/2-1/2

[Event "XIX Festival Conca della Presolana Magistrale"]
[Site "Bratto - Castione della Presolana ITA"]
[Date "1999.08.22"]
[Round "1"]
[White "Solinas, Carlo"]
[Black "Trabert, Bettina"]
[Result "0-1"]
[WhiteElo "2087"]
[BlackElo "2301"]
[PlyCount "82"]
[EventDate "1999.08.22"]

1.e4 e5 2.Nf3 Nc6 3.d4 exd4 4.Bc4 Nf6 5.O-O Nxe4 6.Re1 d5 7.Bxd5 Qxd5 8.
Nc3 Qa5 9.Nxe4 Be6 10.Bd2 Qf5 11.Bg5 h6 12.Qd3 Qh7 13.Bf6 Bb4 14.Nxd4 Bxe1
15.Nxc6 Bxf2+ 16.Kxf2 bxc6 17.Qd4 O-O 18.Kg1 Bf5 19.Re1 Rfe8 20.Be7 Kh8 
21.Qe5 Qg6 22.Ng3 Be6 23.Qxc7 Qxc2 24.Nh5 Qf5 25.Ng3 Qd5 26.Ba3 Qd4+ 27.
Kh1 Rac8 28.Qa5 Bd5 29.Rg1 c5 30.Qb5 Qf2 31.Qf1 Qxf1 32.Rxf1 Bxa2 33.h3 
Bd5 34.Nf5 Re2 35.Rg1 Kh7 36.Nd6 Rc6 37.Nf5 Rc2 38.Ne3 Rd2 39.Rc1 c4 40.
Bb4 Rd3 41.Re1 Re6 0-1

[Event "XIX Festival Conca della Presolana Magistrale"]
[Site "Bratto - Castione della Presolana ITA"]
[Date "1999.08.22"]
[Round "1"]
[White "Szekely, Peter"]
[Black "Barbieri, Giovanni"]
[Result "1-0"]
[WhiteElo "2436"]
[BlackElo "2108"]
[PlyCount "43"]
[EventDate "1999.08.22"]

1.Nf3 Nf6 2.c4 d6 3.g3 g6 4.Bg2 Bg7 5.d4 O-O 6.Nc3 Nbd7 7.O-O c6 8.e4 e5 
9.b3 Re8 10.h3 exd4 11.Nxd4 Nc5 12.Re1 Qc7 13.Bf4 Nh5 14.Be3 Qa5 15.Qd2 d5
16.exd5 cxd5 17.Ndb5 Bd7 18.Bxc5 Bxb5 19.b4 Qa6 20.cxb5 Rxe1+ 21.Rxe1 Qa3 
22.Nxd5 1-0

[Event "XIX Festival Conca della Presolana Magistrale"]
[Site "Bratto - Castione della Presolana ITA"]
[Date "1999.08.22"]
[Round "1"]
[White "Vita, Fabrizio"]
[Black "Borgo, Giulio"]
[Result "1/2-1/2"]
[WhiteElo "2114"]
[BlackElo "2444"]
[PlyCount "86"]
[EventDate "1999.08.22"]

1.Nf3 c5 2.g3 Nc6 3.Bg2 g6 4.c4 Bg7 5.Nc3 e6 6.O-O Nge7 7.e3 Nf5 8.d3 O-O 
9.e4 Nfd4 10.Nxd4 cxd4 11.Ne2 a6 12.f4 d6 13.g4 d5 14.b3 dxe4 15.Bxe4 Re8 
16.Ng3 f5 17.Bf3 Qd6 18.Bd2 Bd7 19.Rc1 Nd8 20.c5 Qc7 21.b4 a5 22.Qb3 fxg4 
23.Bxg4 axb4 24.f5 Be5 25.fxe6 Bxe6 26.Bxe6+ Nxe6 27.Ne4 Kg7 28.Rf2 Qc6 
29.Qxb4 Rf8 30.Rcf1 Rxf2 31.Rxf2 g5 32.Bxg5 Nxg5 33.Nxg5 Rg8 34.Rg2 Qd5 
35.Ne4+ Kh6 36.Rxg8 Qxg8+ 37.Kh1 Qf7 38.Qd2+ Kg7 39.Qg2+ Kf8 40.Qf2 Qxf2 
41.Nxf2 Ke7 42.Ne4 Ke6 43.Kg2 Kd5 1/2-1/2

[Event "XIX Festival Conca della Presolana Magistrale"]
[Site "Bratto - Castione della Presolana ITA"]
[Date "1999.08.22"]
[Round "1"]
[White "Zoldan, Matteo"]
[Black "Mantovani, Renzo"]
[Result "0-1"]
[WhiteElo "2105"]
[BlackElo "2419"]
[PlyCount "73"]
[EventDate "1999.08.22"]

1.e4 c5 2.Nf3 d6 3.d4 cxd4 4.Nxd4 Nf6 5.Nc3 Nc6 6.f3 e6 7.Be3 Be7 8.Qd2 
O-O 9.g4 a6 10.O-O-O Nd7 11.h4 Nde5 12.Qg2 b5 13.Nxc6 Nxc6 14.g5 Bb7 15.
Kb1 Rc8 16.h5 Qc7 17.Rd2 Ne5 18.Bd4 b4 19.Nd1 d5 20.Nf2 dxe4 21.Nxe4 Bxe4 
22.fxe4 Rfd8 23.Bxa6 Rxd4 24.Rxd4 Ra8 25.Qe2 Qb6 26.Rhd1 Rxa6 27.Rd8+ Bxd8
28.Qxa6 Kf8 29.Qc8 Ke7 30.c3 bxc3 31.Qxc3 Bc7 32.a3 Bd6 33.Ka2 Qb5 34.Rd4 
Nc6 35.Rc4 Be5 36.Qc2 Nd4 37.Qc1 0-1

[Event "XIX Festival Conca della Presolana Magistrale"]
[Site "Bratto - Castione della Presolana ITA"]
[Date "1999.08.23"]
[Round "2"]
[White "Barbieri, Giovanni"]
[Black "Bertazzo, Giorgio"]
[Result "0-1"]
[WhiteElo "2108"]
[BlackElo "2004"]
[PlyCount "106"]
[EventDate "1999.08.22"]

1.e4 c5 2.g3 d5 3.exd5 Qxd5 4.Qf3 Qe5+ 5.Qe2 Qd5 6.Qf3 Qd6 7.Bg2 Nc6 8.Qd5
Qxd5 9.Bxd5 Nb4 10.Bb3 b5 11.a3 Bb7 12.axb4 Bxh1 13.f3 c4 14.Ba2 e6 15.Na3
a6 16.c3 h5 17.Bb1 O-O-O 18.Nc2 Kb7 19.b3 cxb3 20.Nd4 Rxd4 21.cxd4 Bxb4 
22.Bb2 Nf6 23.Ke2 h4 24.g4 h3 25.Bd3 Bd6 26.Kf2 Bg2 27.Ne2 Bxh2 28.Nc3 Bf4
29.Ne4 Nxe4+ 30.Bxe4+ Kb6 31.d5 e5 32.Rc1 Rh6 33.Ba3 a5 34.Bc5+ Ka6 35.Bf5
Kb7 36.d6 b2 37.Rd1 Kc6 38.d7 Rh8 39.Be7 Kc7 40.d4 e4 41.d8=Q+ Rxd8 42.
Bxd8+ Kxd8 43.Bxe4 a4 44.Bb1 b4 45.Rd3 Kd7 46.d5 Bd6 47.Rd2 Be5 48.Rd3 Kd6
49.Kg1 Bc3 50.Kf2 a3 51.Kg3 b3 52.Rxc3 a2 53.Rc6+ Kxd5 0-1